|
|
|
|
| LEADER |
01223nam a22003258 4500 |
| 001 |
1335 |
| 003 |
BD-DhAAL |
| 005 |
20151003124152.0 |
| 008 |
151003s1988 njua b 001 0 eng |
| 010 |
|
|
|a 88002830
|
| 020 |
|
|
|a 1566430208
|
| 020 |
|
|
|a 0934540446 :
|c 14.95
|
| 040 |
|
|
|a DLC
|c DLC
|d MYG
|d BD-DhAAL
|
| 050 |
0 |
|
|a JF2011
|b .D34 1988
|
| 082 |
|
|
|a 323/.042
|
| 100 |
1 |
|
|a Dalton, Russell J.
|9 15022
|
| 245 |
1 |
0 |
|a Citizen politics in western democracies :
|b public opinion and political parties in the United States, Great Britain, West Germany, and France /
|c Russell J. Dalton.
|
| 260 |
|
|
|a Chatham, N.J. :
|b Chatham House Publishers,
|c c1988.
|
| 300 |
|
|
|a xvi, 270 p. :
|b ill. ;
|c 23 cm.
|
| 500 |
|
|
|a Includes index.
|
| 504 |
|
|
|a Bibliography: p. 249-261.
|
| 541 |
|
|
|e 1335
|
| 650 |
|
0 |
|a Political participation.
|9 5942
|
| 650 |
|
0 |
|a Political parties.
|9 15023
|
| 650 |
|
0 |
|a Democracy.
|9 15024
|
| 650 |
|
0 |
|a Public opinion.
|9 15025
|
| 650 |
|
0 |
|a Comparative government.
|9 15026
|
| 942 |
|
|
|2 ddc
|c BK
|
| 999 |
|
|
|c 35657
|d 35657
|
| 952 |
|
|
|0 0
|1 0
|2 ddc
|4 0
|6 323_000000000000000__042_DAL
|7 0
|9 56071
|a SCL
|b SCL
|c GEN
|d 2015-10-03
|e Gift: The Asia Foundation
|l 1
|o 323.042 DAL
|p 3020001335
|r 2021-12-08
|s 2021-12-08
|t 1
|w 2015-10-03
|y BK
|